les pokemon qui a le plus de defense - Statistiques

Statistiques générales
  • Ce quiz a été pris 70 fois
    2 depuis la dernière actualisation
  • Le résultat moyen est 146 sur 249
Statistiques - réponses
Hint Réponse % Correct
211 ama-ama
100%
125 amonistar
100%
110 amovénus totemique
100%
102 apireine
100%
120 arceus
100%
116 archeodong
100%
115 baggaid
100%
103 bamboiselle
100%
122 banshitrouye
100%
168 bastiodon
100%
122 blindepique
100%
130 blizzeval
100%
125 bouldeneu
100%
100 bourrinos
100%
230 caratroc
100%
100 celebi
100%
105 cheniselle sable
100%
100 cizayox
100%
115 cliticlic
100%
129 cobaltium
100%
105 crefollet
100%
130 crehelf
100%
120 cresselia
100%
180 crustabri
100%
160 deoxys defense
100%
120 dialga
100%
150 dimocles
100%
118 dinoclier
100%
125 dunaconda
100%
140 exagide
100%
145 ferdeter
100%
112 fermite
100%
110 flagadoss
100%
100 flamigator
100%
140 foretress
100%
130 froussardine banc
100%
140 galegon
100%
100 galekid
100%
180 galeking
100%
105 geolithe
100%
130 gigalithe
100%
130 gigansel
100%
120 giratina alternative
100%
100 giratina origin
100%
110 givrali
100%
115 gravalanch
100%
115 gravalanch d'alola
100%
130 grolem
100%
130 grolem d'alola
100%
140 groudon
100%
106 heatran
100%
100 jirachi
100%
105 kabutops
100%
131 katagami
100%
100 kyurem noir
100%
105 lancargot
100%
130 lugia
100%
115 magearna
100%
115 magnezone
100%
100 manaphy
100%
125 méga aligatueur
100%
172 méga blindepique
100%
105 mega blizzaroi
100%
100 mega camerupt
100%
115 mega carchacrok
100%
140 mega cizayox
100%
130 méga darkrai
100%
115 méga dracolosse
100%
130 mega drattak
100%
110 méga eoko
100%
180 mega flagadoss
100%
123 mega florizarre
100%
230 mega galeking
100%
106 méga heatran
100%
105 méga kravarech
100%
110 mega laggron
100%
120 mega latias
100%
100 mega latios
100%
109 mega leviator
100%
115 méga magearna
100%
115 méga meganium
100%
100 mega mewtwo x
100%
105 mega pharamp
100%
100 mega rayquaza
100%
175 méga sarmurai
100%
115 mega scarhino
100%
230 mega steelix
100%
125 mega tenefix
100%
120 mega tortank
100%
150 mega tyranocif
100%
100 mew
100%
100 monaflemit
100%
120 monthracite
100%
107 motisma chaleur
100%
107 motisma froie
100%
107 motisma helice
100%
107 motisma lavage
100%
107 motisma tonte
100%
139 mouscoto
100%
101 necrozma
100%
109 necrozma aile de l'aurore
100%
127 necrozma criniere du couchant
100%
131 noacier
100%
110 noctali
100%
135 noctunoir
100%
160 onix
100%
110 ossatueur
100%
110 ossatueur d'alola
100%
115 oyacata
100%
100 palkia
100%
130 phyllali
100%
152 predasterie
100%
160 primo groudon
100%
100 regice
100%
110 regigigas
100%
200 regirock
100%
150 registeel
100%
100 reshiram
100%
130 rhinastoc
100%
120 rhinoferos
100%
110 sablaireau
100%
120 sablaireau d'alola
100%
140 sarmurai
100%
120 scalpereur
100%
100 scalproie
100%
184 seracrawl
100%
107 solgaleo
100%
108 spiritomb
100%
200 steelix
100%
115 suicune
100%
150 sylveroy glace
100%
130 teraclope
100%
100 tortank
100%
145 tutankafer
100%
110 tyranocif
100%
105 ursaking
100%
105 vaututrice
100%
100 victini
100%
120 volcaropod
100%
115 zacian
100%
115 zacian epee supreme
100%
115 zamazenta
100%
145 zamazenta bouclier supreme
100%
120 zekrom
100%
121 zygarde 100%
100%
121 zygarde 50%
100%
140 airmure
0%
100 aligatueur
0%
100 amassel
0%
100 amonita
0%
100 armaldo
0%
100 artikodin
0%
110 astronelle
0%
110 bekaglacon
0%
100 bekipan
0%
100 berserkatt
0%
135 boumata
0%
115 briochien
0%
103 carapagos
0%
100 carmadura
0%
140 chartor
0%
100 chongjian
0%
130 concombaffe
0%
105 corvaillus
0%
131 cosmovum
0%
125 crabaraque
0%
115 craparoi
0%
105 darumacho zen
0%
150 diancie
0%
125 dinglu
0%
135 dolman
0%
120 donphan
0%
100 drackhaus
0%
110 drascore
0%
115 duralugon
0%
105 ecremeuh
0%
125 ekaiser
0%
110 épine-de-fer
0%
131 fort-ivoire
0%
115 golgopathe
0%
100 hexadron
0%
118 hippodocus
0%
114 hotte-de-fer
0%
100 hydragla
0%
100 hydragon
0%
101 ixon
0%
105 kaorine
0%
100 kokiyas
0%
115 koraidon
0%
115 krabboss
0%
110 méga airmure
0%
110 mega altaria
0%
135 méga baggaid
0%
100 méga brutalibre
0%
149 méga brutapode
0%
122 méga crabominable
0%
110 mega diancie
0%
111 mega dracaufeu x
0%
110 méga draieul
0%
100 méga etouraptor
0%
105 méga floreclat
0%
117 méga glaivodo
0%
105 méga golemastoc
0%
130 méga golgopathe
0%
135 méga hexadron
0%
100 mega kangourex
0%
110 méga lugulabre
0%
150 mega metalosse
0%
100 méga minotaupe
0%
125 mega mysdibule
0%
126 mega nanmeouie
0%
100 meganium
0%
133 megapagos
0%
120 mega scarabrute
0%
105 méga staross
0%
143 melmetal
0%
130 metalosse
0%
100 metang
0%
100 miraidon
0%
100 monorpale
0%
100 moumouflon
0%
108 paume-de-fer
0%
100 racaillou
0%
100 racaillou d'alola
0%
130 relicanth
0%
119 rexillius
0%
105 rosabyss
0%
120 roue-de-fer
0%
115 saquedeneu
0%
100 scarabrute
0%
105 scorplane
0%
125 scorvol
0%
105 serpang
0%
100 shaymin
0%
100 shifours
0%
115 simularbre
0%
100 sinistrail
0%
120 smogogo
0%
150 strassie
0%
135 tarinor
0%
145 tarinorme
0%
115 tokopisco
0%
115 tokotoro
0%
100 tomberro
0%
105 torterra
0%
110 trepassable
0%
145 tutetekri
0%
120 volcanion
0%
105 zarude
0%
Aucun quiz correspondant
Distribution des résultats
% des personnes avec chaque résultat
Percentile par nombre de réponses
Votre historique - résultats
Vous n’avez pas pris ce quiz depuis la dernière actualisation